| 000 | 01834nam0a2200325 4500 | ||
|---|---|---|---|
| 001 | RU\NLR\BIBL_A\022364438 | ||
| 005 | 20260420020421.0 | ||
| 010 |
_a978-5-907817-60-9 _9500 |
||
| 021 |
_aRU _bКН-П-24-054438 _9КН-П-24-5424 |
||
| 035 | _a(NLR Aleph) 022364438 | ||
| 090 |
_a13668409 _c13668409 |
||
| 100 | _a20241025d2024 u y0rusy50 ca | ||
| 101 | 0 | _arus | |
| 102 | _aRU | ||
| 105 | _ay|||j|||000yy | ||
| 181 | 0 |
_ai4 _baxxe |
|
| 182 | 0 | _an | |
| 200 | 1 |
_aЭкологическое право (особенная часть) _eучебное пособие _eдля студентов-бакалавров направления подготовки 40.03.01 Юриспруденция _fО. А. Глушко, Ю. А. Новикова _gМинистерство сельского хозяйства Российской Федерации, ФГБОУ ВО "Кубанский государственный аграрный университет имени И. Т. Трубилина" |
|
| 203 |
_aТекст _bвизуальный _cнепосредственный |
||
| 210 |
_aКраснодар _cКубГАУ _d2024 |
||
| 215 |
_a110 с. _d20 |
||
| 320 | _aБиблиогр.: с. 103-107 и в подстроч. примеч. | ||
| 606 | 1 |
_aЭкологическое право _jУчебные издания для высших учебных заведений _yРоссийская Федерация _92073085 _3RU\NLR\AUTH\661247957 |
|
| 686 | 1 | _aХ625.9я73 | |
| 700 | 1 |
_aГлушко _bО. А. _gОльга Александровна |
|
| 701 | 1 |
_7ca _8rus _aНовикова _bЮ. А. _cканд. юрид. наук _gЮлия Александровна _9223458 _3RU\NLR\AUTH\770223514 |
|
| 942 | _cBOOK | ||
| 980 | _aNB | ||